000 00740nam a22001937a 4500
003 OSt
005 20251208114619.0
008 251208b |||||||| |||| 00| 0 eng d
040 _aSEKU
050 _aLC 191.8
_bM8
100 _aMusamu, Joyce
245 _aSocio-economic determinants of students dropout rate during covid-19 pandemic times in public secondary schools in lower Yatta-sub county, Kitui county, Kenya/
_bA research project submitted in partial fulfilment of the requirements for the degree o master of education in educational administration of South Eastern Kenya University
260 _aSEKU:
_bSEKU;
_c2025.
300 _a99P.;
650 _aCOVID 19
650 _aPADEMICS
650 _aSCHOOLS
942 _2lcc
_cTHE
999 _c18738
_d18738